<?xml version="1.0" encoding="UTF-8"?><?xml-stylesheet type="text/xsl" href="static/style.xsl"?><OAI-PMH xmlns="http://www.openarchives.org/OAI/2.0/" xmlns:xsi="http://www.w3.org/2001/XMLSchema-instance" xsi:schemaLocation="http://www.openarchives.org/OAI/2.0/ http://www.openarchives.org/OAI/2.0/OAI-PMH.xsd"><responseDate>2026-06-02T10:58:55Z</responseDate><request verb="GetRecord" identifier="oai:riuma.uma.es:10630/44823" metadataPrefix="marc">https://riuma.uma.es/rest/oai/request</request><GetRecord><record><header><identifier>oai:riuma.uma.es:10630/44823</identifier><datestamp>2026-01-25T00:46:43Z</datestamp><setSpec>com_10630_2254</setSpec><setSpec>col_10630_37953</setSpec></header><metadata><record xmlns="http://www.loc.gov/MARC21/slim" xmlns:dcterms="http://purl.org/dc/terms/" xmlns:doc="http://www.lyncode.com/xoai" xmlns:xsi="http://www.w3.org/2001/XMLSchema-instance" xsi:schemaLocation="http://www.loc.gov/MARC21/slim http://www.loc.gov/standards/marcxml/schema/MARC21slim.xsd">
   <leader>00925njm 22002777a 4500</leader>
   <datafield ind2=" " ind1=" " tag="042">
      <subfield code="a">dc</subfield>
   </datafield>
   <datafield ind2=" " ind1=" " tag="720">
      <subfield code="a">Alouini, Mohamed-Slim</subfield>
      <subfield code="e">author</subfield>
   </datafield>
   <datafield ind2=" " ind1=" " tag="720">
      <subfield code="a">Cecilia-Buenestado, Juan Antonio</subfield>
      <subfield code="e">author</subfield>
   </datafield>
   <datafield ind2=" " ind1=" " tag="720">
      <subfield code="a">Ghorbel, S.B.</subfield>
      <subfield code="e">author</subfield>
   </datafield>
   <datafield ind2=" " ind1=" " tag="720">
      <subfield code="a">Saïd, Zina</subfield>
      <subfield code="e">author</subfield>
   </datafield>
   <datafield ind2=" " ind1=" " tag="720">
      <subfield code="a">Rodríguez-Castellón, Enrique</subfield>
      <subfield code="e">author</subfield>
   </datafield>
   <datafield ind2=" " ind1=" " tag="720">
      <subfield code="a">Moreno-Tost, Ramón</subfield>
      <subfield code="e">author</subfield>
   </datafield>
   <datafield ind2=" " ind1=" " tag="260">
      <subfield code="c">2021</subfield>
   </datafield>
   <datafield ind2=" " ind1=" " tag="520">
      <subfield code="a">A series of tetrametallic hydrotalcite with different Ni loading, were synthesized by coprecipitation method. Then, these hydrotalcites were calcined in their respective metal oxides and were used as catalysts in the etherification reaction for the synthesis of polyglycerols. The effect of Ni loading on the structural and textural features was investigated by various techniques such as X-ray diffraction (XRD), thermogravimetric analysis TG–DSC–MS, temperature-programmed reduction (H2-TPR), temperature-programmed desorption (NH3-TPD) and 1-butene isomerization as a model reaction to probe acid–base character of catalysts. Mixed oxides derived from hydrotalcites are found to be active and suitable, via solvent free, in the glycerol etherification reaction. A gradual enhance of glycerol conversion is revealed when increasing the Ni/Mg molar ratio and the most active catalyst found is HTc-Ni75% with full selectivity to diglycerol.</subfield>
   </datafield>
   <datafield ind1="8" ind2=" " tag="024">
      <subfield code="a">Aloui, M., Cecilia, J.A., Moreno-Tost, R. et al. Glycerol etherification towards selective diglycerol over mixed oxides derived from hydrotalcites: effect of Ni loading. J Sol-Gel Sci Technol 97, 351–364 (2021). https://doi.org/10.1007/s10971-020-05344-6</subfield>
   </datafield>
   <datafield ind1="8" ind2=" " tag="024">
      <subfield code="a">https://hdl.handle.net/10630/44823</subfield>
   </datafield>
   <datafield ind1="8" ind2=" " tag="024">
      <subfield code="a">10.1007/s10971-020-05344-6</subfield>
   </datafield>
   <datafield tag="653" ind2=" " ind1=" ">
      <subfield code="a">Alcoholes</subfield>
   </datafield>
   <datafield tag="653" ind2=" " ind1=" ">
      <subfield code="a">Catalizadores</subfield>
   </datafield>
   <datafield ind2="0" ind1="0" tag="245">
      <subfield code="a">Glycerol etherification towards selective diglycerol over mixed oxides derived from hydrotalcites: effect of Ni loading</subfield>
   </datafield>
</record>
</metadata></record></GetRecord></OAI-PMH>